Mô hình tương tác dạng Yukawa trong lý thuyết dây : Luận văn Thạc sĩ Vật lý chuyên ngành Vật lý lý thuyết - Vật lý toán

Đề tài tìm hiểu, nghiên cứu và triển khai các tính toán về hình thức luận BRST, và từ đó xây dựng tác dụng Dây và suy phương trình chuyển động và đề xuất một mô hình Lagrangian tương tác bất biến BRST cho các dạng tương tác Yukawa các tru...

Πλήρης περιγραφή

Αποθηκεύτηκε σε:
Λεπτομέρειες βιβλιογραφικής εγγραφής
Κύριος συγγραφέας: Đoàn, Thị Hồng Ngân
Μορφή: Βιβλίο
Γλώσσα:Undetermined
Έκδοση: Cần Thơ Trường Đại học Cần Thơ 2011
Θέματα:
Ετικέτες: Προσθήκη ετικέτας
Δεν υπάρχουν, Καταχωρήστε ετικέτα πρώτοι!
Thư viện lưu trữ: Trung tâm Học liệu Trường Đại học Cần Thơ
LEADER 01200nam a2200217Ia 4500
001 CTU_166837
008 210402s9999 xx 000 0 und d
082 |a 530.15 
082 |b Ng121 
088 |a 604401 
100 |a Đoàn, Thị Hồng Ngân 
245 0 |a Mô hình tương tác dạng Yukawa trong lý thuyết dây : 
245 0 |b Luận văn Thạc sĩ Vật lý chuyên ngành Vật lý lý thuyết - Vật lý toán 
245 0 |c Đoàn Thị Hồng Ngân; Đào Vọng Đức (Hướng dẫn Khoa học) 
260 |a Cần Thơ 
260 |b Trường Đại học Cần Thơ 
260 |c 2011 
520 |a Đề tài tìm hiểu, nghiên cứu và triển khai các tính toán về hình thức luận BRST, và từ đó xây dựng tác dụng Dây và suy phương trình chuyển động và đề xuất một mô hình Lagrangian tương tác bất biến BRST cho các dạng tương tác Yukawa các trường Dây. 
650 |a Mathematical physics,Vật lý toán 
904 |i Hải 
980 |a Trung tâm Học liệu Trường Đại học Cần Thơ